| 000 | 00703nam a22001937a 4500 | ||
|---|---|---|---|
| 008 | 131204t mx||||| |||| 00| 0 spa d | ||
| 020 | _a9786074778250 | ||
| 050 | 0 | 4 |
_aNA9052 _bC65 2012 |
| 111 | 2 |
_aColoquio del paisaje _cAzcapotzalco, Ciudad de México _d8 a 10 de Noviembre de 2011 |
|
| 245 | 1 | 3 |
_aEl espacio recobrado _c / coordinación Norma Patiño |
| 246 | 3 | 8 | _aLa trascendencia visible |
| 250 | _a1a ed. | ||
| 260 |
_aMéxico : _bUniversidad Autónoma Metropolitana-Azcapotzalco, _c2012 |
||
| 300 |
_a307 p. : _bil. ; _c21 cm. |
||
| 650 | 7 |
_2Lemb _aEmbellecimiento urbano _vCongresos |
|
| 650 | 7 |
_2Lemb _aArquitectura del paisaje _vCongresos |
|
| 700 | 1 |
_aPatiño, Norma _ecoord. |
|
| 942 |
_2lcc _cLIB |
||
| 999 |
_c46420 _d46420 |
||